| 000 | 02884nam a2200325 a 4500 | ||
|---|---|---|---|
| 001 | BRCA_2452 | ||
| 005 | 20190320203822.0 | ||
| 008 | 181108s1819----sp-a---###---#000-0dspa-u | ||
| 041 | _aspa | ||
| 044 | _asp | ||
| 084 |
_a092 _b.R43 _c1819 |
||
| 100 | 1 |
_aCervantes Saavedra, Miguel de _d1547-1616 _9213 |
|
| 245 | 1 | 0 |
_aEl Ingenioso Hidalgo D. Quijote de la Mancha _ccompuesto por Miguel de Cervantes Saavedra. |
| 260 |
_aMadrid _bImprenta Real _c1819 |
||
| 300 |
_a5 v. _bil. _c19 cm. _e1 mapa plegable |
||
| 500 | _aContenido : v 1. Primera parte. Prólogo de la Academia. Juicio crítico. Análisis y plan cronológico del Quijote por Vicente de los Ríos. Principios de la edición príncipe. Dedicatoria del autor. Prólogo del autor. Versos preliminares. Notas y observaciones. Mapa de una parte de España trazado por Tomás López. Texto. -- v 2. Notas y observaciones. Texto. -- v 3. Segunda parte. Principios de la edición príncipe. Dedicatoria del autor. Prólogo del autor. Notas y observaciones. Texto. -- v 4. Notas y observaciones. Texto. -- v 5. Vida de Miguel de Cervantes S. escrita e ilustrada, con varias noticias y documentos por Martín Fernández de Navarrete | ||
| 500 | _aEdición : Cuarta edición corregida por la Real Academia Española | ||
| 500 | _aCuarta edición de la Academia Española. No es mera reproducción de anteriores. Difiere de ellas en el plan que ha seguido para la corrección del texto en las notas y en la vida del autor. Si en la edición de 1780, la Academia siguió el texto de la segunda de Cuesta (1605), por creerla la primera, para la presente tomó como modelo la de 1608 del mismo editor, por seguir la conjetura de Pellicer de que Cervantes corrigió el texto de esta última. Acertó la Academia en escribir el sonido velar por medio de j, y no de la x, como hasta entonces. Pero siguió omitiendo el escudo de la edición príncipe, así como igualando los títulos de ambas partes. Con todo, por los materiales tipográficos empleados y por la parte literaria, especialmente la primera erudita vida de Cervantes escrita por M. Fernández de Navarrete, merece esta edición ocupar un lugar sobresaliente entre las clásicas. Ejemplar bastante bien conservado. Encuadernado en piel; las lomeras adornadas con filetes y florones dorados Lúdovik Osterc | ||
| 500 | _aQM74 | ||
| 650 | 1 | 4 |
_aNovela española _yÉpoca clásica, 1500-1700 _9215 |
| 650 | 1 | 4 |
_aLiteratura española _yÉpoca clásica, 1500-1700 _9216 |
| 650 | 1 | 4 |
_aNovela española _ySiglo XVII _9217 |
| 650 | 1 | 4 |
_aDon Quijote (Personaje ficticio) _eNovela _9218 |
| 700 | 1 |
_aRíos, Vicente de los _d1732-1779 _eBiógrafo _97151 |
|
| 700 | 1 |
_aFernández de Navarrete, Martín _d1765-1844 _eBiógrafo _97152 |
|
| 700 | 1 |
_aLópez, Tomás _d1730-1802 _eIlustrador _97153 |
|
| 740 | 0 | _aEl Ingenioso Hidalgo Don Quijote de la Mancha | |
| 902 | _aQFM | ||
| 942 |
_2lcc _cB |
||
| 999 |
_c2193 _d2193 |
||